000 00841nam a22001577a 4500
003 NUST
020 _a8131516830
082 _a621.3815,RAS
100 _aH. Rashid, Muhammad
_9102246
245 _aElectronic devices and circuits /
_cMuhammad H. Rashid,
_h
260 _aCengage Learning
_bIndia
_c2014
300 _axix, 785
505 _aIntroduction to electronic and design (Page-1), Introduction to amplifiers and frequency response (Page-38), Introduction to operational amplifiers (Page-102), Semiconductor Diodes (Page-178), Application of diodes (Page-236), Semiconductors and pn junction (Page-298), Metal oxide semiconductor filed effect tranisitors (Page-344), Bipolar junction transistors and amplifiers (Page-442), Differential amplifiers (Page-572),
650 _aElectronic devices and circuits
_956104
942 _2ddc
_cBK
999 _c592221
_d592221